ब्रज और पंजाबी ऋतु-पर्वोत्सव एवं नृत्य-क्रीड़ा गीत / (Record no. 120794)

MARC details
000 -LEADER
fixed length control field 01290nam a22002777a 4500
003 - CONTROL NUMBER IDENTIFIER
control field dpl
005 - DATE AND TIME OF LATEST TRANSACTION
control field 20190226144045.0
008 - FIXED-LENGTH DATA ELEMENTS--GENERAL INFORMATION
fixed length control field 190226b ||||| |||| 00| 0 eng d
010 ## - LIBRARY OF CONGRESS CONTROL NUMBER
LC control number B-175850
020 ## - INTERNATIONAL STANDARD BOOK NUMBER
Terms of availability 200.00
International Standard Book Number 8180590275
035 ## - SYSTEM CONTROL NUMBER
System control number B-175850, B-175857
037 ## - SOURCE OF ACQUISITION
Source of stock number/acquisition Cen Lib/Ret
040 ## - CATALOGING SOURCE
Original cataloging agency DPL
Language of cataloging HN
Transcribing agency 0
082 ## - DEWEY DECIMAL CLASSIFICATION NUMBER
Classification number 784.4
Item number अमर
100 ## - MAIN ENTRY--PERSONAL NAME
Personal name अमर दिनेश
9 (RLIN) 92651
245 ## - TITLE STATEMENT
Title ब्रज और पंजाबी ऋतु-पर्वोत्सव एवं नृत्य-क्रीड़ा गीत /
Statement of responsibility, etc अमर दिनेश
246 ## - VARYING FORM OF TITLE
Title proper/short title Braj aur punjabi ritu-parvotsav ewam nritye-kreeda geet /
Remainder of title by Amar Dinesh
260 ## - PUBLICATION, DISTRIBUTION, ETC. (IMPRINT)
Place of publication, distribution, etc दिल्ली
Name of publisher, distributor, etc श्री प्रकाशन
Date of publication, distribution, etc 2005
270 ## - ADDRESS
City दिल्ली
Address ए-402, विद्युत् अपार्टमेंट, इन्द्रप्रस्थ एक्सटेंशन
Postal code 110092
300 ## - PHYSICAL DESCRIPTION
Extent 181पृ.
Dimensions 20सेमी(सजिल्द)
650 ## - SUBJECT ADDED ENTRY--TOPICAL TERM
Topical term or geographic name as entry element भारत -- पंजाबी गीत
9 (RLIN) 45314
650 ## - SUBJECT ADDED ENTRY--TOPICAL TERM
Topical term or geographic name as entry element भारत -- पंजाबी बाल गीत
9 (RLIN) 92652
650 ## - SUBJECT ADDED ENTRY--TOPICAL TERM
Topical term or geographic name as entry element India - Punjabi songs
9 (RLIN) 92653
650 ## - SUBJECT ADDED ENTRY--TOPICAL TERM
Topical term or geographic name as entry element India - Punjabi Child Lyrics
9 (RLIN) 92654
942 ## - ADDED ENTRY ELEMENTS (KOHA)
Source of classification or shelving scheme Dewey Decimal Classification
Koha item type Hindi Books
Classification part 784.4
Call number suffix अमर
Holdings
Withdrawn status Lost status Damaged status Not for loan Home library Current library Date acquired Source of acquisition Cost, normal purchase price Total Checkouts Full call number Barcode Date last seen Copy number Cost, replacement price Price effective from Koha item type Source of classification or shelving scheme Collection code
        Central Library Central Library 28/09/2015 Cen Lib/Ret 200.00   784.4 अमर B-175850 28/09/2015 1 200.00 28/09/2015 Hindi Books    
        Shahdara Branch Shahdara Branch 26/02/2019 BPPD/PUB 200.00   784.4 अमर B-175857 26/02/2019   200.00 26/02/2019 Hindi Books Dewey Decimal Classification Non-fiction

© Delhi Public Library
Hit Counter
free hit counter